[Event "Panormo Open"]
[Site "Crete GRE"]
[Date "2001.10.21"]
[Round "3"]
[White "Davies,P"]
[Black "Babaniotis,E"]
[Result "0-1"]
[WhiteElo "2053"]
[BlackElo "2037"]

1.e4 d5 2.exd5 Qxd5 3.Nc3 Qd6 4.d4 Nf6 5.Nf3 Bf5 6.Be2 e6 7.O-O c6 8.Ne5 Qc7
9.h3 h6 10.a4 Nbd7 11.Nc4 Be7 12.Bd3 Bxd3 13.Qxd3 O-O 14.Qf3 Nd5 15.Ne2 c5
16.Ne3 N7f6 17.c3 c4 18.Re1 Bd6 19.Nf1 Rfe8 20.Nfg3 e5 21.dxe5 Rxe5 22.Bd2 Rae8
23.Red1 R5e7 24.a5 Be5 25.Re1 Qc5 26.Kf1 Bc7 27.a6 b5 28.Nd4 Bxg3 29.fxg3 Ne4
30.Bf4 g5 31.Nf5 Re6 32.Qh5 Qf2+  0-1

[Event "TCh-CZE 2001-2"]
[Site "CZE"]
[Date "2001.10.21"]
[Round "2"]
[White "Blehm,P"]
[Black "Jirovsky,Pa"]
[Result "1/2-1/2"]
[WhiteElo "2535"]
[BlackElo "2388"]

1.e4 d5 2.exd5 Qxd5 3.Nc3 Qd6 4.g3 Nf6 5.Bg2 c6 6.Nf3 Bf5 7.O-O e6 8.d3 Be7
9.a3 O-O 10.Rb1 Qc7 11.Qe2 Nbd7 12.b4 a6 13.Bd2 Rfe8  1/2-1/2

[Event "TCh-CZE 2001-2"]
[Site "CZE"]
[Date "2001.10.21"]
[Round "2"]
[White "Berezjuk,S"]
[Black "Hasangatin,R"]
[Result "1/2-1/2"]
[WhiteElo "2432"]
[BlackElo "2480"]

1.e4 d5 2.exd5 Qxd5 3.Nc3 Qd6 4.d4 Nf6 5.Bd3 a6 6.Nge2 e6 7.Ne4 Nxe4 8.Bxe4 Qd8
9.Qd3 h6 10.Qf3 c6 11.O-O Nd7 12.c4 Nf6 13.Bc2 Bd6 14.Rd1 Qe7 15.Nc3 O-O
16.Bf4 Bxf4 17.Qxf4 c5 18.d5 exd5 19.cxd5 Re8 20.d6 Qe5 21.Qxe5 Rxe5 22.f4 Re8
23.Na4 Bg4 24.Re1 Rad8 25.h3 Be2 26.Nxc5 Rxd6 27.Ne4 Nxe4 28.Rxe2 Nf6 29.Rxe8+ Nxe8
30.Re1 Kf8 31.Kf2 Rd2+ 32.Re2 Rxe2+ 33.Kxe2 Ke7 34.Ke3 Kd6 35.Bb3 f6 36.Kd4 Nc7
37.Bc4 a5 38.a3 b6 39.g3 Ke7 40.b3 Kd6 41.a4 Ke7 42.Bd3 Kd6 43.Bc4 Ke7 44.Ke4 Kd6
45.g4 Ke7 46.h4 Kd6 47.Kf5 Ke7 48.Kg6 Kf8 49.g5 hxg5 50.fxg5 fxg5 51.Kxg5 Ke7
52.Kg6 Kf8 53.Kf5 Ke7 54.Ke5 Kd7 55.Bb5+ Ke7 56.h5 Ne6 57.Be2 Nc7 58.Bc4 Kd7
59.Bd3 Ke7 60.Bb5 Ne6 61.Kd5 Nc5 62.Bc4 Kd7 63.Ke5 Ke7 64.Bd5 Na6 65.Bf3 Nc7
66.Bg4 b5 67.Be2 bxa4 68.bxa4 Na8 69.Bc4 Nb6 70.Bb3 Nd7+ 71.Kf5 Nc5 72.Bc2 Kf7
73.Ke5 Kg8 74.Kd5 Nxa4 75.Bxa4 Kh8 76.Ke5 Kh7 77.Bc2+ Kh8 78.Kf5 a4 79.Bxa4 Kg8
80.Kg6 Kh8 81.Be8 Kg8 82.Kf5 Kh8 83.Ke6 Kg8 84.Ke7 Kh8 85.Bf7 Kh7 86.Kf8 Kh8
87.Bd5 g5  1/2-1/2

[Event "IM"]
[Site "Le Touquet FRA"]
[Date "2001.10.28"]
[Round "2"]
[White "Inkiov,V"]
[Black "Therkildsen,T"]
[Result "0-1"]
[WhiteElo "2500"]
[BlackElo "2108"]

1.e4 d5 2.exd5 Qxd5 3.Nc3 Qd6 4.d4 c6 5.Nf3 Nf6 6.Ne5 Nbd7 7.Bf4 Nxe5 8.Bxe5 Qd8
9.Bd3 Ng4 10.Qe2 Nxe5 11.dxe5 Qa5 12.O-O-O Be6 13.a3 O-O-O 14.f4 g6 15.Bc4 Bd5
16.Bxd5 cxd5 17.e6 Bg7 18.Rd3 f5 19.Rhd1 d4 20.Nb1 Rd6 21.Nd2 Qa6 22.Re1 Kb8
23.Kb1 Rc8 24.Rh3 Qc6 25.Nb3 d3 26.cxd3 Rxe6  0-1

[Event "Jonsson Mem Open"]
[Site "Reykjavik ISL"]
[Date "2001.10.28"]
[Round "5"]
[White "Kristjansson,S"]
[Black "Danielsen,Hen"]
[Result "1/2-1/2"]
[WhiteElo "2374"]
[BlackElo "2526"]

1.e4 d5 2.exd5 Qxd5 3.Nc3 Qd6 4.Bc4 Nf6 5.d4 a6 6.Bb3 Nc6 7.Nge2 Bf5 8.Bf4 Qd7
9.Qd2 e6 10.a3 O-O-O 11.O-O-O Bd6 12.f3 Bg6 13.d5 Nxd5 14.Nxd5 exd5 15.Bxd5 Rhe8
16.Rhe1 Ne7 17.Bb3 Nf5 18.Bxd6 Qxd6 19.Qxd6 Rxd6 20.Rxd6 Nxd6 21.Kd2 c5 22.c3 c4
23.Bd1 Rd8 24.Kc1 Re8 25.Kd2 Rd8  1/2-1/2

[Event "WYB12"]
[Site "Oropesa del Mar ESP"]
[Date "2001.10.29"]
[Round "8"]
[White "Li Haoyu"]
[Black "Khairullin,I"]
[Result "1/2-1/2"]
[WhiteElo "2310"]
[BlackElo "2244"]

1.e4 d5 2.exd5 Qxd5 3.Nc3 Qd8 4.d4 Nf6 5.Nf3 c6 6.Bc4 b5 7.Bb3 e6 8.O-O a5
9.a3 Be7 10.Re1 O-O 11.Bg5 Nbd7 12.Ne5 Bb7 13.Qe2 Nxe5 14.dxe5 Nd7 15.Bxe7 Qxe7
16.f4 Nc5 17.Qe3 b4 18.axb4 axb4 19.Ne2 Nxb3 20.cxb3 c5 21.Rxa8 Rxa8 22.Rc1 Rc8
23.Ng3 g6 24.Ne4 Bxe4 25.Qxe4 Qd7 26.h3  1/2-1/2

[Event "WYB18"]
[Site "Oropesa del Mar ESP"]
[Date "2001.11.02"]
[Round "11"]
[White "Lupulescu,C"]
[Black "Djukic,Ni"]
[Result "1-0"]
[WhiteElo "2467"]
[BlackElo "2348"]

1.e4 d5 2.exd5 Qxd5 3.Nc3 Qd8 4.d4 Nf6 5.Nf3 Bf5 6.Bc4 e6 7.d5 exd5 8.Nxd5 Nxd5
9.Bxd5 c6 10.Bxf7+ Kxf7 11.Qxd8 Bb4+ 12.Qd2 Re8+ 13.Kd1 Bxd2 14.Bxd2 c5 15.a4 Nc6
16.Ra3 Rad8 17.Re1 Nb4 18.Rc3 b6 19.Rc4 Nd5 20.Rxe8 Rxe8 21.b4 cxb4 22.Bxb4 h6
23.Bd2 Bd7 24.Nd4 Kf6 25.Nb5 a6 26.Nc7 Nxc7 27.Rxc7 Re7 28.Bc3+ Kf7 29.Kd2 Bxa4
30.Rxe7+ Kxe7 31.Bxg7 Bc6 32.f3 h5 33.Bd4 b5 34.Bc3 Bd5 35.Ke3 Kf7 36.Kf4 Kg6
37.g4 Bc4 38.Kg3 Be2 39.Ba5 Bd1 40.c3 Be2 41.h3 Bd3 42.f4 Be4 43.f5+ Kf7
44.Bb6 Bd3 45.Kf4 Bf1 46.Kg5 Bxh3 47.Kxh5 Ke7 48.Kg5 Kd6 49.Kf4 Bf1 50.g5 Bd3
51.g6 Ke7 52.Kg5 Bc4 53.Bc5+ Ke8 54.f6 a5 55.Kh6  1-0

[Event "EuTCh"]
[Site "Leon ESP"]
[Date "2001.11.08"]
[Round "3"]
[White "Del Rio Angelis,S"]
[Black "Pinheiro,J"]
[Result "1-0"]
[WhiteElo "2489"]
[BlackElo "2339"]

1.e4 d5 2.exd5 Qxd5 3.Nc3 Qd6 4.d4 Nf6 5.Bc4 c6 6.Nge2 Bf5 7.O-O e6 8.Ng3 Bg6
9.Nce2 Nbd7 10.Bb3 O-O-O 11.Bf4 Qb4 12.c4 e5 13.Bd2 Qb6 14.c5 Qc7 15.f4 exd4
16.f5 Bh5 17.Nxh5 Nxh5 18.Bxf7 d3 19.Bxh5 Bxc5+ 20.Kh1 dxe2 21.Qxe2 Nf6 22.Bc3 Bd4
23.Bf3 Bxc3 24.bxc3 Rhe8 25.Qf2 Kb8 26.Rfe1 Qf4 27.Rxe8 Rxe8 28.Qc5 Qe5 29.Qxe5+ Rxe5
30.g4 Kc7 31.Kg2 Ra5 32.Kg3 h6 33.h4 Ra3 34.g5 hxg5 35.hxg5 Nd7 36.Rg1 Ne5
37.Be4 Kd6 38.Kf4 Nf7 39.f6 gxf6 40.g6 Ng5 41.g7 Ne6+ 42.Kf5 Nxg7+ 43.Rxg7 b5
44.Rf7 Rxc3 45.Rxa7 b4 46.Ra6 Kc7 47.Kxf6 b3 48.axb3 Rxb3 49.Rxc6+ Kb8 50.Ke5 Ka7
51.Bd5 Rb1 52.Rc8 Rg1 53.Kd6 Rd1 54.Ra8+ Kb6 55.Rb8+ Ka7 56.Rb4 Rg1 57.Bc6 Ka6
58.Kc7 Rg7+ 59.Bd7 Rg5 60.Rh4 Re5 61.Kc6 Ka7 62.Ra4+ Kb8 63.Kb6 Re1 64.Rh4 Rb1+
65.Bb5 Rc1 66.Rh8+ Rc8 67.Rh7 Rc1 68.Bc6 Rb1+ 69.Kc5 Kc8 70.Kd6 Rd1+ 71.Bd5 Kb8
72.Rb7+ Kc8 73.Ra7 Rb1 74.Rh7  1-0

[Event "EuTChw"]
[Site "Leon ESP"]
[Date "2001.11.14"]
[Round "8"]
[White "Hernandez,Yu"]
[Black "Ionescu Brandis,I"]
[Result "0-1"]
[WhiteElo "2238"]
[BlackElo "2338"]

1.e4 d5 2.exd5 Qxd5 3.Nc3 Qd6 4.d4 Nf6 5.Nf3 a6 6.h3 Nc6 7.Bd3 g6 8.O-O Bg7
9.Ne2 e5 10.dxe5 Nxe5 11.Nxe5 Qxe5 12.Nc3 O-O 13.Re1 Qa5 14.Qf3 Be6 15.Bd2 Qb6
16.Bg5 Nd7 17.Nd5 Qa5 18.Nf6+ Nxf6 19.Bxf6 c6 20.h4 Rfe8 21.Bxg7 Kxg7 22.Qf4 f6
23.Re3 Bf7 24.b4 Qd5 25.c4 Qd7 26.Rf3 Re6 27.h5 Rae8 28.hxg6 Bxg6 29.Bxg6 hxg6
30.Rh3 g5 31.Qf3 Re1+ 32.Rxe1 Rxe1+ 33.Kh2 Qd6+ 34.Rg3 Qxb4 35.Qd3 Qb1 36.Qd7+ Kg6
37.Rd3 Re4 38.g3 Qe1 39.Kg2 Re7 40.Qd8 Qe4+ 41.Kg1 Re8 42.Qd4 Qxd4 43.Rxd4 Re2
44.Rd7 Rb2 45.Kg2 g4 46.c5 a5 47.a4 Kf5 48.Re7 Rb4 49.Kf1 Rxa4 50.Rxb7 Rc4
51.Ke2 Rxc5 52.Kd3 Rd5+ 53.Ke3 Ke5 54.Rg7 f5 55.Rg6 Rc5 56.f4+ gxf3 57.Kxf3 a4
58.g4 Rc3+ 59.Ke2 a3 60.gxf5 Rc1 61.f6 a2 62.f7 a1=Q 63.f8=Q Qb2+  0-1

[Event "EuTChw"]
[Site "Leon ESP"]
[Date "2001.11.15"]
[Round "9"]
[White "Hund,B"]
[Black "Koskoska,G"]
[Result "1-0"]
[WhiteElo "2279"]
[BlackElo "2216"]

1.e4 d5 2.exd5 Qxd5 3.Nc3 Qd8 4.d4 Nf6 5.Bc4 c6 6.Nf3 Bf5 7.Ne5 e6 8.g4 Bg6
9.a3 Nbd7 10.Qe2 Nxe5 11.dxe5 Nd5 12.Nxd5 exd5 13.Bd3 Bxd3 14.Qxd3 Qd7 15.Qe2 Bc5
16.Bd2 O-O-O 17.Bb4 Bxb4+ 18.axb4 Rhe8 19.Rxa7 Kb8 20.Ra3 Qe7 21.O-O Qxb4
22.f4 g5 23.Qf2 d4 24.fxg5 Rxe5 25.Qg3 Qc5 26.Kg2 Qxc2+ 27.Kh3 Rd5 28.Rxf7 Qxb2
29.Rxh7 Qc1 30.Rb3 b5 31.Rf3 Qc5 32.g6 Kc8 33.g7 Rd8 34.Rh8 Ree8 35.Rxe8 Rxe8
36.Rf7 Qb6 37.Qd6 Rd8 38.Rf8  1-0

[Event "2nd It"]
[Site "Odivelas POR"]
[Date "2001.11.16"]
[Round "11"]
[White "Fernando,D"]
[Black "Francisco,J"]
[Result "1-0"]
[WhiteElo "2367"]
[BlackElo "2210"]

1.e4 d5 2.exd5 Qxd5 3.Nc3 Qd6 4.d4 Nf6 5.Nf3 Bg4 6.Be3 a6 7.Be2 e6 8.Qd2 Nbd7
9.Bf4 Qc6 10.d5 Qb6 11.O-O Bb4 12.dxe6 Bxe6 13.Ng5 O-O 14.Nxe6 Qxe6 15.Bf3 Ne5
16.Bxe5 Qxe5 17.Rfe1 Qd6 18.Qxd6 Bxd6 19.Bxb7 Rab8 20.Bxa6 Rxb2 21.Re2 Ra8
22.Bc4 Rb4 23.Bb3 c5 24.a3 c4 25.Rd1 Rb6 26.Bxc4 Rxa3 27.Bb3 Ra5 28.g3 g5
29.Kg2 g4 30.Ne4 Nxe4 31.Rxe4 h5 32.Red4 Be5 33.Rd5 Rbb5 34.Rd8+ Kg7 35.R1d7  1-0

[Event "TCh-CZE 2001-2"]
[Site "CZE"]
[Date "2001.11.18"]
[Round "3"]
[White "Mikhaletz,L"]
[Black "Spacek,P"]
[Result "1/2-1/2"]
[WhiteElo "2392"]
[BlackElo "2393"]

1.e4 d5 2.exd5 Qxd5 3.Nc3 Qd6 4.d4 Nf6 5.Nf3 a6 6.Bg5 Nbd7 7.Qd2 e6 8.O-O-O b5
9.Bf4 Qb6 10.d5 Bc5 11.dxe6 fxe6 12.Ng5 O-O 13.Bd3 Bb7 14.Rhe1 e5 15.Bg3 h6
16.Nge4 Bd4 17.f3 Nh5 18.Kb1 Rad8 19.Bh4 Rde8 20.Ne2 Be3 21.Qc3 Nc5 22.Nxc5 Bxc5
23.Qb3+ Kh8 24.Nc3 Nf4 25.Bf1 Bd4 26.Ne4 Bd5 27.Qb4 c5 28.Qd2 b4 29.Ka1 Qa5
30.c4 Bc6 31.Kb1 Qc7 32.Bd3 Rb8 33.Bc2 Qf7  1/2-1/2

[Event "TCh-CZE 2001-2"]
[Site "CZE"]
[Date "2001.11.18"]
[Round "3"]
[White "Vesselovsky,S"]
[Black "Nedela,V"]
[Result "1/2-1/2"]
[WhiteElo "2419"]
[BlackElo "2380"]

1.e4 d5 2.exd5 Qxd5 3.Nc3 Qd6 4.d4 c6 5.g3 Nf6 6.Bg2 Bf5 7.Nf3 e6 8.O-O Be7
9.Ne5 h5 10.h3 Nbd7 11.Nc4 Qb4 12.Ne3 Bh7 13.a3 Qb6 14.Re1 Qd8 15.Nc4 Nb6
16.Ne5 Nbd5 17.Nxd5 cxd5 18.c4 Be4 19.f3 Bh7 20.Qa4+ Kf8 21.c5 Qe8 22.Qb3 Qc8
23.Bg5 Ng8 24.Be3 Bf6 25.Bf4 Ne7 26.g4 Nc6 27.Qc3 Be7 28.b4 Kg8 29.Rac1 a6
30.Re2 Bd8 31.a4 hxg4 32.fxg4 Bg6 33.Rce1 Bh7 34.Bg3 Bf6 35.Bf4 Bh4 36.Bg3 Bf6
37.Bf4 Bh4  1/2-1/2

[Event "FIDE WCh KO"]
[Site "Moscow RUS"]
[Date "2001.11.27"]
[Round "1.2"]
[White "Pina,S"]
[Black "Xu Yuanyuan"]
[Result "1-0"]
[WhiteElo "2345"]
[BlackElo "2409"]

1.e4 d5 2.exd5 Qxd5 3.Nc3 Qd6 4.Nf3 c5 5.g3 Nf6 6.Bg2 Nc6 7.O-O Bg4 8.h3 Bh5
9.d3 e6 10.Bf4 Qd7 11.Qd2 Bd6 12.Bxd6 Qxd6 13.Nb5 Qe7 14.Rae1 a6 15.Nc3 O-O
16.Nh4 Nd4 17.f4 Qc7 18.Qf2 Rad8 19.Ne4 Nxe4 20.dxe4 f6 21.c3 Nb5 22.a4 Na7
23.b4 b6 24.Qa2 Bf7 25.e5 Rd3 26.Rf3 c4 27.Rxd3 cxd3 28.Qd2 Rd8 29.exf6 gxf6
30.Be4 Qd7 31.Re3 Qxa4 32.Bxd3 Kg7 33.Qe1 Nb5 34.c4 Nd4 35.Qb1 Bg8 36.Qb2 Qd1+
37.Bf1 Nc2 38.Re2 Rd2 39.Rxd2 Qxd2 40.b5 a5 41.Nf3 Qe3+ 42.Kg2 Ne1+ 43.Nxe1 Qxe1
44.Qd4 a4 45.Qxb6 Qe4+ 46.Kg1 Bf7 47.Qa7 Qc2 48.b6 Qb3 49.b7 Qxg3+ 50.Bg2 Qxf4
51.b8=Q Qc1+ 52.Kh2 e5 53.Qf2 a3 54.Qg3+ Bg6 55.Qa7+  1-0

[Event "FIDE WCh KO"]
[Site "Moscow RUS"]
[Date "2001.11.27"]
[Round "1.3"]
[White "Pina,S"]
[Black "Xu Yuanyuan"]
[Result "0-1"]
[WhiteElo "2345"]
[BlackElo "2409"]

1.e4 d5 2.exd5 Qxd5 3.Nc3 Qd6 4.d4 Nf6 5.Nf3 a6 6.g3 b5 7.Bg2 Bb7 8.O-O e6
9.Bf4 Qb6 10.a4 c5 11.axb5 axb5 12.Rxa8 Bxa8 13.dxc5 Bxc5 14.Qe2 Bc6 15.Ne5 Bxg2
16.Kxg2 b4 17.Qb5+ Qxb5 18.Nxb5 O-O 19.Nd3 Be7 20.Ra1 Nd5 21.Bd2 Nc6 22.Ra6 Rc8
23.c4 Nb8 24.cxd5 Nxa6 25.d6 Bxd6 26.Nxd6 Rd8 27.Bf4 f6 28.Kf3 g5 29.Ke2 gxf4
30.Ne4 f3+ 31.Ke3 Kf7 32.Ne1 f5 33.Ng5+ Kf6 34.Ngxf3 e5 35.Nc2 b3 36.Na3 Nb4
37.Nc4 e4 38.Nfd2 Nc2+ 39.Ke2 Rd3 40.Kd1 Nd4 41.Kc1 Nf3 42.Nf1 Ke6 43.Nce3 Nd4
44.Nd2 Nc6 45.Ndc4 Nb4 46.Ng2 Na2+  0-1

[Event "FIDE WCh KO"]
[Site "Moscow RUS"]
[Date "2001.11.27"]
[Round "1.4"]
[White "Tiviakov,S"]
[Black "Christiansen,L"]
[Result "1-0"]
[WhiteElo "2599"]
[BlackElo "2570"]

1.e4 d5 2.exd5 Qxd5 3.Nc3 Qd6 4.d4 Nf6 5.Bc4 a6 6.Bb3 Bg4 7.Nge2 e6 8.Bf4 Qxf4
9.Nxf4 Bxd1 10.Rxd1 Bb4 11.Ne2 Nbd7 12.a3 Bd6 13.Ng3 Bxg3 14.hxg3 c6 15.f3 O-O-O
16.Kf2 h5 17.Ne2 g5 18.c3 Kc7 19.Bc2 Nb6 20.Nc1 h4 21.gxh4 gxh4 22.Nd3 Rdg8
23.Rh3 Nc4 24.Rdh1 Nd5 25.Bb3 Nxb2 26.Nxb2 Nf4 27.R3h2 Rg3 28.Bc4 Rhg8 29.Bf1 b5
30.Rxh4 Nxg2 31.Rh7  1-0

[Event "FIDE WCh Women KO"]
[Site "Moscow RUS"]
[Date "2001.11.28"]
[Round "1.2"]
[White "Pina,S"]
[Black "Xu Yuanyuan"]
[Result "1-0"]
[WhiteElo "2345"]
[BlackElo "2409"]

1.e4 d5 2.exd5 Qxd5 3.Nc3 Qd6 4.Nf3 Nf6 5.d4 a6 6.Bc4 b5 7.Bb3 c5 8.dxc5 Qxd1+
9.Kxd1 e6 10.Be3 Bb7 11.Ne5 Bxg2 12.Rg1 Nc6 13.Nd3 Bf3+ 14.Ke1 Ng4 15.Rg3 Nxe3
16.fxe3 Bh5 17.a4 b4 18.Ne2  1-0

[Event "FIDE WCh Women KO"]
[Site "Moscow RUS"]
[Date "2001.11.29"]
[Round "2.1"]
[White "Ciuksyte,D"]
[Black "Xu Yuanyuan"]
[Result "1-0"]
[WhiteElo "2271"]
[BlackElo "2409"]

1.e4 d5 2.exd5 Qxd5 3.Nc3 Qd6 4.d4 Nf6 5.Be3 a6 6.Bd3 Nc6 7.Qd2 Nb4 8.Nge2 g6
9.O-O-O Nxd3+ 10.Qxd3 Bg7 11.Bf4 Qb6 12.Qe3 c6 13.f3 Be6 14.Kb1 Qa5 15.Be5 b5
16.Nf4 Bc4 17.b3 Be6 18.Nxe6 fxe6 19.Bxf6 Bxf6 20.Ne4 O-O 21.Nc5 Rf7 22.Nxe6 b4
23.h4 c5 24.h5 cxd4 25.Qe4 Raf8 26.hxg6 hxg6 27.Qxg6+ Rg7 28.Nxg7 Bxg7 29.Qh7+  1-0

[Event "ch-ROM w"]
[Site "Targoviste ROM"]
[Date "2001.12.03"]
[Round "9"]
[White "Sasu Ducsoara,An"]
[Black "Ionescu Brandis,I"]
[Result "1-0"]
[WhiteElo "2240"]
[BlackElo "2338"]

1.e4 d5 2.exd5 Qxd5 3.Nc3 Qd6 4.Be2 a6 5.Bf3 Nf6 6.d4 h6 7.Nge2 g5 8.g3 Nc6
9.h4 g4 10.Bf4 Qd7 11.Bg2 Bg7 12.d5 Na7 13.O-O Nb5 14.Re1 Nd6 15.Nd4 Nh5
16.Be5 O-O 17.Qe2 Nf6 18.Rad1 Qd8 19.Qd3 Bd7 20.Nce2 Qc8 21.c4 Rd8 22.Nf4 Nf5
23.Nb3 c6 24.Nc5 cxd5 25.Nxd7 Qxd7 26.Bxf6 Bxf6 27.Nxd5 Kg7 28.Qe2 Nd4 29.Qe4 Nf3+
30.Bxf3 gxf3 31.Qxf3 Qc6 32.b3 Rd6 33.Qg4+ Kh7 34.Nxe7 Bxe7 35.Rxe7 Rf6 36.Rdd7 Rf8
37.Rxb7 Qc5 38.Qe4+ Kg7 39.Qe3 Qa5 40.Qd4 Kg6 41.a4 Kg7 42.c5 Kg6 43.h5+  1-0

[Event "Friendship IM"]
[Site "Prerove CZE"]
[Date "2001.12.04"]
[Round "1"]
[White "Novosak,J"]
[Black "Hasangatin,R"]
[Result "1/2-1/2"]
[WhiteElo "2296"]
[BlackElo "2479"]

1.e4 d5 2.exd5 Qxd5 3.Nc3 Qd6 4.d4 Nf6 5.Nf3 a6 6.Bc4 Bg4 7.h3 Bh5 8.g4 Bg6
9.Qe2 Nbd7 10.Bg5 b5 11.Bd3 Bxd3 12.Qxd3 e6 13.O-O-O b4 14.Ne4 Nxe4 15.Qxe4 c6
16.Rhe1 Qd5 17.Kb1 h6 18.Bh4 Qxe4 19.Rxe4 h5 20.g5 g6 21.Bg3 Be7 22.h4 O-O
23.c3 bxc3  1/2-1/2

[Event "FSGMA December"]
[Site "Budapest HUN"]
[Date "2001.12.07"]
[Round "7"]
[White "Felgaer,R"]
[Black "Czebe,A"]
[Result "1-0"]
[WhiteElo "2467"]
[BlackElo "2491"]

1.e4 d5 2.exd5 Qxd5 3.Nc3 Qd6 4.d4 Nf6 5.Nf3 a6 6.g3 Bg4 7.Bg2 Nc6 8.Bf4 Qe6+
9.Be3 Rd8 10.Qe2 Nd5 11.Nxd5 Qxd5 12.c3 Qb5 13.h3 Qxe2+ 14.Kxe2 Bxf3+ 15.Bxf3 e6
16.b4 Bd6 17.a4 O-O 18.Rhb1 Rfe8 19.Bg2 e5 20.d5 Nd4+ 21.Kd3 Nf5 22.Be4 Ne7
23.g4 c6 24.dxc6 bxc6 25.Kc4 Nd5 26.Rd1 Rc8 27.Kb3 Nf6 28.Bf5 Rcd8 29.Bb6 Rb8
30.Rxd6 Rxb6 31.a5 Rb5 32.Rxc6 e4 33.Rxa6 Reb8 34.Rxf6 gxf6 35.Bxe4 f5 36.gxf5 Re5
37.f3 Re7 38.a6 Ra7 39.c4 Kf8 40.b5 Ke7 41.Kb4  1-0

[Event "Friendship IM"]
[Site "Prerove CZE"]
[Date "2001.12.14"]
[Round "11"]
[White "Sikora Lerch,J"]
[Black "Van de Berkmortel,T"]
[Result "1-0"]
[WhiteElo "2324"]
[BlackElo "2264"]

1.e4 d5 2.exd5 Qxd5 3.Nc3 Qd6 4.d4 Nf6 5.Nge2 Bg4 6.Bf4 Qxf4 7.Nxf4 Bxd1
8.Rxd1 e6 9.a3 c6 10.Be2 Bd6 11.Nd3 Nbd7 12.O-O e5 13.Bf3 O-O-O 14.d5 cxd5
15.Bxd5 Nxd5 16.Nxd5 e4 17.Nc1 Ne5 18.Ne2 Rhe8 19.Nd4 Ng4 20.h3 Bh2+ 21.Kh1 Rxd5
22.hxg4 Red8 23.Kxh2 Rxd4 24.Rde1 Rd2 25.Rxe4 Rxc2 26.Re7 Rd7 27.Re8+ Kc7
28.g5 Rxb2 29.Rh8 Ra2 30.Rxh7 g6 31.f4 Rxa3 32.f5 Ra5 33.Rc1+ Kb6 34.fxg6 Rxg5
35.gxf7 Rf5 36.Rb1+ Kc5 37.f8=Q+  1-0

[Event "34th Women GM"]
[Site "Belgrade YUG"]
[Date "2001.12.28"]
[Round "8"]
[White "Stankovic,Ma"]
[Black "Chelushkina,I"]
[Result "1-0"]
[WhiteElo "2252"]
[BlackElo "2394"]

1.e4 d5 2.exd5 Qxd5 3.Nc3 Qd8 4.d4 Nf6 5.Nf3 c6 6.Bc4 e6 7.O-O b5 8.Bb3 a5
9.a3 Nbd7 10.Re1 Be7 11.Qe2 a4 12.Ba2 Nb6 13.Ne5 Bd7 14.Bg5 Nbd5 15.Nxd5 Nxd5
16.Bxd5 cxd5 17.Bxe7 Qxe7 18.c3 O-O 19.Rad1 Ra6 20.f4 Rb6 21.Rd3 Be8 22.Re3 Qc7
23.Nd3 Bd7 24.Qh5 f5 25.Nc5 Rf6 26.Re5 Qc8 27.Qe2 Qd8 28.Qf3 Bc8 29.Kh1 h6
30.Qe3 Qf8 31.h3 Qf7 32.Kh2 Kh7 33.Rg1 h5 34.g3 Rh6 35.Rg2 Rd6 36.Kg1 Qf6
37.Qe2 Rb6 38.Qf2 Rg6 39.g4 hxg4 40.hxg4 Rxg4 41.Rxg4 fxg4 42.Rh5+ Kg8 43.Qh4 Qxh4
44.Rxh4 Kf7 45.Kf2 e5 46.fxe5 Bf5 47.Kg3 Rb8 48.Kf4 Kg6 49.Na6 Rf8 50.Nc7 Rf7
51.Nxd5 Be6+ 52.Ke4 Kg5 53.Rh2 g3 54.Rg2 Bf5+ 55.Ke3 Kg4 56.Nf4 Bc8 57.Ne2 Rf3+
58.Ke4 Bf5+ 59.Kd5 Re3 60.Rxg3+ Rxg3 61.Nxg3 Kxg3 62.e6 Kf4 63.e7 Bd7 64.Kd6 Be8
65.Ke6 g5 66.d5 g4 67.d6 g3 68.d7 Bxd7+ 69.Kxd7 g2 70.e8=Q g1=Q 71.Qb8+ Ke4
72.Qxb5 Qd1+ 73.Kc6 Qc2 74.Kb6 Ke3 75.c4 Kd4 76.Qd5+ Ke3 77.Qe5+ Kf3 78.Qc3+  1-0

[Event "Australian Open"]
[Site "Canberra AUS"]
[Date "2001.12.30"]
[Round "3"]
[White "West,G"]
[Black "Corker,K"]
[Result "1-0"]
[WhiteElo "2372"]
[BlackElo "2030"]

1.e4 d5 2.exd5 Qxd5 3.Nc3 Qd8 4.d4 Nf6 5.Bg5 c6 6.Qd2 Bf5 7.O-O-O e6 8.Nge2 Be7
9.f3 Qa5 10.g4 Bg6 11.h4 h5 12.Nf4 hxg4 13.Nxg6 fxg6 14.Bd3 Kf7 15.fxg4 Na6
16.Bc4 Nc7 17.Rdf1 Nd5 18.Qe2 Ba3 19.Bd2 Bxb2+ 20.Kxb2 Qb6+ 21.Bb3 Ke7 22.g5 Nh5
23.Re1 Qxd4 24.Qxe6+ Kd8 25.Qd6+ Kc8 26.Re7 Rd8 27.Qe6+ Kb8 28.Bxd5 Rxd5
29.Qg8+ Rd8 30.Qb3 b5 31.Rf1 a5 32.Rff7 Ra6 33.Be3 a4 34.Bxd4 axb3 35.Be5+ Ka8
36.axb3 b4 37.Na4  1-0

[Event "Open"]
[Site "Trinec CZE"]
[Date "2001.12.31"]
[Round "7"]
[White "Hodova,L"]
[Black "Trombik,K"]
[Result "0-1"]
[WhiteElo "2081"]
[BlackElo "2231"]

1.e4 d5 2.exd5 Qxd5 3.Nc3 Qd6 4.d4 Nf6 5.Nf3 Bg4 6.Bb5+ c6 7.Be2 e6 8.O-O Nbd7
9.Be3 Qc7 10.Nh4 Bxe2 11.Qxe2 Bd6 12.g3 O-O 13.Rad1 Rfe8 14.Qf3 Qa5 15.a3 h6
16.Ne4 Be7 17.c4 Rad8 18.Rfe1 Nxe4 19.Qxe4 Bxh4 20.Qxh4 Qa4 21.Qg4 Nf6 22.Qe2 Qa5
23.Bd2 Qf5 24.Bc3 Qg6 25.b4 a6 26.a4 Qf5 27.Kg2 b5 28.axb5 axb5 29.Qe5 bxc4
30.Qxf5 exf5 31.Rxe8+ Rxe8 32.Rc1 Nd5 33.Kf3 Ra8 34.Bd2 Ra3+ 35.Be3 c3 36.Rb1 c2
37.Rc1 Nxb4 38.Ke2 Ra2 39.Kd2 Rb2 40.Kc3 Rb1 41.Kd2 f6 42.Bf4 Rxc1 43.Kxc1 Nd3+
44.Kxc2 Nxf2 45.Kc3 Kf7 46.Kc4 Ke6 47.Kc5 Kd7 48.Kc4 Ne4 49.d5 g5 50.Bb8 cxd5+
51.Kxd5 Nd2 52.Bd6 Nf3 53.h3 h5 54.Bb8 Ke7 55.Bd6+ Kf7 56.Bc7 Kg6 57.Ke6 h4
58.gxh4 gxh4 59.Bb6 Ng5+ 60.Ke7 Nxh3 61.Bd4 Nf4  0-1

[Event "6th Open"]
[Site "Bad Zwesten GER"]
[Date "2002.01.07"]
[Round "6"]
[White "Sax,G"]
[Black "Heinzel,O"]
[Result "1-0"]
[WhiteElo "2584"]
[BlackElo "2378"]

1.e4 d5 2.exd5 Qxd5 3.Nc3 Qd6 4.d4 Nf6 5.Nf3 a6 6.g3 b5 7.Bg2 Bb7 8.O-O e6
9.Ne5 Bxg2 10.Kxg2 b4 11.Qf3 c6 12.Bf4 bxc3 13.Nxf7 Qxd4 14.Nxh8 cxb2 15.Rad1 Qc4
16.Be5 Nbd7 17.Bxb2 Be7 18.Nf7 Qb5 19.Bxf6  1-0

[Event "109th ch-NZL"]
[Site "Christchurch NZL"]
[Date "2002.01.08"]
[Round "10"]
[White "Spain,G"]
[Black "Litwak,P"]
[Result "1/2-1/2"]
[WhiteElo "2167"]
[BlackElo "2050"]

1.e4 d5 2.exd5 Qxd5 3.Nc3 Qd6 4.d4 a6 5.Nf3 Nf6 6.g3 Bg4 7.Bg2 e6 8.h3 Bxf3
9.Qxf3 Nc6 10.Be3 Be7 11.O-O-O O-O 12.Bf4 Qb4 13.Bxc7 Nxd4 14.Qxb7 Qxb7 15.Bxb7 Ra7
16.Bb6 Rxb7 17.Bxd4 Rfb8 18.Be5 Rc8 19.Rd3 h6 20.Rhd1 Kh7 21.b3 Ba3+ 22.Kb1 Bb4
23.Bxf6 gxf6 24.Ne4 Rbc7 25.c4 f5 26.Nd2 Bc5 27.f3 a5 28.Kc2 h5 29.h4 Rg8
30.f4 Be7 31.Nf1 a4 32.Kc3 axb3 33.axb3 Ra7 34.b4 Ra2 35.c5 Re2 36.Ra1 Rb8
37.Rdd1 Kg6 38.c6 Rb6 39.Kd3 Re4 40.Rdc1 Rbxb4 41.c7 Rbd4+ 42.Kc3  1/2-1/2

[Event "XXVII Open"]
[Site "Seville ESP"]
[Date "2002.01.13"]
[Round "3"]
[White "Durao,J"]
[Black "Mellado Trivino,J"]
[Result "1-0"]
[WhiteElo "2150"]
[BlackElo "2447"]

1.e4 d5 2.exd5 Qxd5 3.Nc3 Qd6 4.d4 Nf6 5.Bd3 Nc6 6.Nge2 Bg4 7.f3 Bh5 8.Bf4 Qd7
9.g4 Bg6 10.g5 Nd5 11.Nxd5 Qxd5 12.Bxc7 Rc8 13.Bxg6 hxg6 14.Bf4 Qxf3 15.Rf1 Qe4
16.c3 e5 17.dxe5 Bc5 18.Qb1 Qd5 19.Qd1 Qe4 20.Qb1 Qc4 21.b3 Qd5 22.Qd1 Qe4
23.Qb1 Qd5 24.Qd1 Qg2 25.Qd3 O-O 26.Rd1 Rcd8 27.Qf3 Qxf3 28.Rxf3 Rxd1+ 29.Kxd1 Re8
30.Rd3 Bb6 31.Rd5 Bc7 32.Rd7 Bxe5 33.Rxb7 f6 34.gxf6 gxf6 35.Bxe5 Rxe5 36.Rc7 Rd5+
37.Kc2 Ne5 38.Rxa7 Nf3 39.Nf4 Rd2+ 40.Kc1 g5  1-0

[Event "XXVII Open"]
[Site "Seville ESP"]
[Date "2002.01.15"]
[Round "5"]
[White "Espejo Hava,F"]
[Black "Mellado Trivino,J"]
[Result "1/2-1/2"]
[WhiteElo "2166"]
[BlackElo "2447"]

1.e4 d5 2.exd5 Qxd5 3.Nc3 Qd6 4.d4 Nf6 5.Nf3 a6 6.g3 Bg4 7.Bg2 Nc6 8.Be3 O-O-O
9.h3 Bh5 10.g4 Bg6 11.O-O h5 12.g5 Ne4 13.Nh4 Nxc3 14.bxc3 e5  1/2-1/2

[Event "18th Open"]
[Site "Skopje MKD"]
[Date "2002.01.17"]
[Round "3"]
[White "Stojanovski,D"]
[Black "Galego,L"]
[Result "1/2-1/2"]
[WhiteElo "2416"]
[BlackElo "2521"]

1.e4 d5 2.exd5 Qxd5 3.Nc3 Qd6 4.d4 Nf6 5.Nf3 a6 6.Bc4 Bg4 7.h3 Bh5 8.g4 Bg6
9.Be3 Nc6 10.Qe2 e6 11.O-O-O  1/2-1/2

[Event "TSGM January"]
[Site "Novi Sad YUG"]
[Date "2002.01.19"]
[Round "1"]
[White "Pap,M"]
[Black "Radlovacki,J"]
[Result "0-1"]
[WhiteElo "2415"]
[BlackElo "2400"]

1.e4 d5 2.exd5 Qxd5 3.Nc3 Qd6 4.d4 Nf6 5.Nf3 a6 6.Ne5 Nc6 7.Nxc6 Qxc6 8.d5 Qd6
9.Bc4 b5 10.Bb3 Bb7 11.O-O c5 12.dxc6 Qxc6 13.f3 e6 14.Qe2 Be7 15.Be3 O-O
16.Qf2 Rac8 17.a3 Bd6 18.Rad1 Rfd8 19.Kh1 Be5 20.Bb6 Bc7 21.Bd4 e5 22.Be3 Rxd1
23.Rxd1 Rd8 24.Rxd8+ Bxd8 25.Qd2 Ba5 26.Qd3 Kf8 27.h3 h6 28.Bf2 Bc7 29.Bh4 g5
30.Bf2 Kg7 31.Qf5 Qd6 32.Bg3 Qd4 33.Qd3 Qc5 34.Bh2 Bc6 35.Qe2 Qd4 36.Nd1 e4
37.Bxc7 exf3 38.gxf3 g4 39.Qd3 Bxf3+ 40.Kh2 Qc5 41.Bg3 Bb7 42.Qd6 Qh5 43.h4 Bd5
44.Ne3 Bxb3 45.cxb3 Qg6 46.Be5 h5 47.b4 g3+ 48.Bxg3 Qe4 49.Qe5 Qxe3 50.Kg2 Qxe5
51.Bxe5 Kg6 52.Kf3 Kf5 53.Bd4 Ng4 54.b3 Ne5+ 55.Ke3 Ng6 56.a4 Nxh4 57.a5 Ng6
58.Ba7 Ke5 59.Bb8+ Kd5 60.Bh2 f5 61.Bb8 f4+ 62.Bxf4 Nxf4 63.Kxf4 Kd4  0-1